Theory and problems of differential and integral calculus / (Record no. 180733)

MARC details
000 -LEADER
fixed length control field 00836nam a2200253Ia 4500
003 - CONTROL NUMBER IDENTIFIER
control field OSt
005 - DATE AND TIME OF LATEST TRANSACTION
control field 20260310101214.0
008 - FIXED-LENGTH DATA ELEMENTS--GENERAL INFORMATION
fixed length control field 210716s1990 xx 000 0 und d
020 ## - INTERNATIONAL STANDARD BOOK NUMBER
International Standard Book Number 70026629
040 ## - CATALOGING SOURCE
Transcribing agency AIMIT LIBRARY
041 ## - LANGUAGE CODE
Language code of text/sound track or separate title eng
082 ## - DEWEY DECIMAL CLASSIFICATION NUMBER
Classification number 511.42
Edition number 3
Item number AYRF
100 ## - MAIN ENTRY--PERSONAL NAME
Personal name Ayres, Frank.
9 (RLIN) 258366
245 ## - TITLE STATEMENT
Title Theory and problems of differential and integral calculus /
Statement of responsibility, etc. By Frank Ayres and Elliott Mendelson.
250 ## - EDITION STATEMENT
Edition statement 3rd ed.
260 ## - PUBLICATION, DISTRIBUTION, ETC.
Place of publication, distribution, etc. New Delhi :
Name of publisher, distributor, etc. McGraw Hill ,
Date of publication, distribution, etc. 1990.
300 ## - PHYSICAL DESCRIPTION
Extent 484p. ;
Other physical details PB
Dimensions 28 cm
650 ## - SUBJECT ADDED ENTRY--TOPICAL TERM
Topical term or geographic name entry element Rules for differentiating functions
9 (RLIN) 258367
650 ## - SUBJECT ADDED ENTRY--TOPICAL TERM
Topical term or geographic name entry element Fundamental integration formulas
9 (RLIN) 258368
650 ## - SUBJECT ADDED ENTRY--TOPICAL TERM
Topical term or geographic name entry element Applications of indefinite integrals
9 (RLIN) 258369
650 ## - SUBJECT ADDED ENTRY--TOPICAL TERM
Topical term or geographic name entry element The definite integral.
9 (RLIN) 258370
700 ## - ADDED ENTRY--PERSONAL NAME
Personal name Mendelson, Elliott.
9 (RLIN) 258371
942 ## - ADDED ENTRY ELEMENTS (KOHA)
Source of classification or shelving scheme Dewey Decimal Classification
Koha item type Book
Edition 3rd
Call number prefix 511.2 AYRF
Holdings
Withdrawn status Lost status Damaged status Not for loan Collection code Home library Current library Date acquired Source of acquisition Total Checkouts Full call number Barcode Date last seen Price effective from Koha item type
        MCA St Aloysius Institute of Management & Information Technology St Aloysius Institute of Management & Information Technology 07/16/2021 Donated   511.42 AYRF MCA00241 05/23/2026 07/16/2021 Book